| 000 | 00361 a2200169 4500 | ||
|---|---|---|---|
| 001 | 183630 | ||
| 020 | _a85-7319-325-5 | ||
| 040 | _cMagnum | ||
| 100 | _aBianchini, Orlando | ||
| 240 | 1 | 0 |
_aOlhar de bichos _lpor |
| 245 | 1 | 0 | _aOlhar de bichos |
| 300 | _a52 | ||
| 362 | 0 | _a2002 | |
| 440 | 1 | _aDimensão | |
| 697 | _aLITERATURA INFANTO-JUVENIL | ||
| 942 | _cBK | ||
| 999 |
_c183630 _d183630 |
||